Some makers of the modern spirit : (Record no. 742016)

MARC details
000 -LEADER
fixed length control field 00897namaa2200313 a 4500
001 - CONTROL NUMBER
control field vtls000932106
003 - CONTROL NUMBER IDENTIFIER
control field NLI
005 - DATE AND TIME OF LATEST TRANSACTION
control field 20210627084421.0
008 - FIXED-LENGTH DATA ELEMENTS--GENERAL INFORMATION
fixed length control field 110929s1933 enk h 000 0 eng
039 #9 - LEVEL OF BIBLIOGRAPHIC CONTROL AND CODING DETAIL [OBSOLETE]
-- 201109292020
-- Entertech_02
040 ## - CATALOGING SOURCE
Original cataloging agency NLI
Language of cataloging eng
Transcribing agency Entertech-2011
Description conventions AACR2
041 0# - LANGUAGE CODE
Language code of text/sound track or separate title eng
044 ## - COUNTRY OF PUBLISHING/PRODUCING ENTITY CODE
MARC country code enk
082 04 - DEWEY DECIMAL CLASSIFICATION NUMBER
Classification number 901
245 00 - TITLE STATEMENT
Title Some makers of the modern spirit :
Remainder of title a symposium /
Statement of responsibility, etc. edited by John Macmurray
260 ## - PUBLICATION, DISTRIBUTION, ETC.
Place of publication, distribution, etc. London :
Name of publisher, distributor, etc. Methuen,
Date of publication, distribution, etc. 1933
300 ## - PHYSICAL DESCRIPTION
Extent 188 p. ;
Dimensions 20 cm.
650 #0 - SUBJECT ADDED ENTRY--TOPICAL TERM
Topical term or geographic name entry element Biography
650 #0 - SUBJECT ADDED ENTRY--TOPICAL TERM
Topical term or geographic name entry element Civilization
9 (RLIN) 677877
650 #0 - SUBJECT ADDED ENTRY--TOPICAL TERM
Topical term or geographic name entry element Progress
9 (RLIN) 684917
650 #0 - SUBJECT ADDED ENTRY--TOPICAL TERM
Topical term or geographic name entry element Religion and science
9 (RLIN) 698396
650 #0 - SUBJECT ADDED ENTRY--TOPICAL TERM
Topical term or geographic name entry element Science
General subdivision Philosophy
9 (RLIN) 689453
700 1# - ADDED ENTRY--PERSONAL NAME
Personal name Macmurray, John,
Dates associated with a name 1891-1976
Relationship edt
9 (RLIN) 794285
887 ## - NON-MARC INFORMATION FIELD
Content of non-MARC field
901 ## - LOCAL DATA ELEMENT A, LDA (RLIN)
a B.C.1467:
b 17.1.1958
902 ## - LOCAL DATA ELEMENT B, LDB (RLIN)
a B.C. 901 M 229
990 ## - EQUIVALENCES OR CROSS-REFERENCES [LOCAL, CANADA]
-- M.Som
942 ## - ADDED ENTRY ELEMENTS (KOHA)
Source of classification or shelving scheme Dewey Decimal Classification
Koha item type Books
Holdings
Withdrawn status Lost status Damaged status Not for loan Collection code Home library Current library Shelving location Date acquired Total Checkouts Full call number Date last seen Price effective from Koha item type
        BaridBaranSen Collection National Library of India National Library of India Barid Baran Sen Collection - Main Stack Division     B.C. 901 M 229 27/06/2021 27/06/2021 Books
                                                                           
web counter

Copyright ©2020 The National Library of India, Govt. of India ↔ Hosted by NVLI, MOC ↔ Technology and Design by National Library of India, Ministry of Culture, Govt. of India